000 00318nam a2200133Ia 4500
008 240624s9999 xx 000 0 und d
041 _aeng
082 _a891.4308 JOS
100 _aJOSHI SHARAD
245 _aYATRA TATRA SARVATRA
260 _c2006
_aNew Delhi
_bBhartiya Jnanpith
300 _a352 : p.
365 _cRS
999 _c17176
_d17176